[Event "NED-chT 2122"]
[Site "Netherlands"]
[Date "2021.11.06"]
[Round "3.9"]
[White "Lecomte, Robin"]
[Black "Groffen, Hans"]
[Result "1-0"]
[WhiteElo "2264"]
[BlackElo "2139"]
[PlyCount "57"]
[EventDate "2021.09.18"]
[EventType "team-tourn"]
[EventRounds "9"]
[EventCountry "NED"]
[SourceTitle "EXT 2023"]
[Source "ChessBase"]
[SourceDate "2022.10.05"]
[SourceVersion "1"]
[SourceVersionDate "2022.10.05"]
[SourceQuality "1"]
[WhiteTeam "Charlois Europoort"]
[BlackTeam "Sas van Gent"]
[WhiteTeamCountry "NED"]
[BlackTeamCountry "NED"]

1. Nf3 d5 2. g3 c6 3. Bg2 Bg4 4. 0-0 Nd7 5. d4 e6 6. b3 Bd6 7. Bb2 Ne7 8. c4 0-0 9. Nbd2 Bb4 10. a3 Bxd2 11. Qxd2 Nf6 12. Ne5 Bf5 13. f3 h6 14. c5 Bh7 15. Rae1 Qc7 16. e4 Rad8 17. Bc3 Ng6 18. Nd3 Qb8 19. e5 Nd7 20. Bh3 Ne7 21. b4 Bxd3 22. Qxd3 g6 23. Bd2 Kg7 24. g4 Rh8 25. f4 Ng8 26. f5 g5 27. Re2 Rh7 28. fxe6 fxe6 29. Rf7+ 1-0

[Event "BEL-chT 1920"]
[Site "Belgium"]
[Date "2019.09.29"]
[Round "1.7"]
[White "Capone, Nicola"]
[Black "Groffen, Hans"]
[Result "1-0"]
[WhiteElo "2300"]
[BlackElo "2067"]
[PlyCount "75"]
[EventDate "2019.09.29"]
[EventType "team-tourn"]
[EventRounds "11"]
[EventCountry "BEL"]
[SourceTitle "CBM 195 Extra"]
[Source "ChessBase"]
[SourceDate "2020.05.31"]
[SourceVersion "1"]
[SourceVersionDate "2020.05.31"]
[SourceQuality "1"]
[WhiteTeam "Fontaine"]
[BlackTeam "Jean Jaures Ghent"]
[WhiteTeamCountry "BEL"]
[BlackTeamCountry "BEL"]

1. e4 e6 2. d4 d5 3. Nc3 dxe4 4. Nxe4 Nd7 5. Nf3 Ngf6 6. Nxf6+ Nxf6 7. Be2 c5 8. 0-0 cxd4 9. Qxd4 Qxd4 10. Nxd4 a6 11. Bf4 Bd7 12. Bf3 0-0-0 13. Nb3 Bc6 14. Bxc6 bxc6 15. Na5 Nh5 16. Be3 Kc7 17. Nc4 Rd5 18. Rfd1 Be7 19. a4 g5 20. Bd2 Nf4 21. Ne3 Rd7 22. Ba5+ Kc8 23. Nc4 Nd5 24. Ne5 Rb7 25. Nxc6 Bf6 26. c4 Nf4 27. Rab1 Rd7 28. Rxd7 Kxd7 29. Nb4 Rc8 30. g3 Ne2+ 31. Kf1 Nd4 32. b3 Ke8 33. Nxa6 Nf3 34. Ke2 g4 35. Nc7+ Kf8 36. Nb5 Kg8 37. Bb6 Bd8 38. a5 1-0

[Event "Karlsruhe Grenke op"]
[Site "Karlsruhe"]
[Date "2019.04.18"]
[Round "1"]
[White "Groffen, Hans"]
[Black "Dann, Matthias"]
[Result "0-1"]
[WhiteElo "2126"]
[BlackElo "2520"]
[PlyCount "96"]
[EventDate "2019.04.18"]
[EventType "swiss"]
[EventRounds "9"]
[EventCountry "GER"]
[SourceTitle "CBM 189 Extra"]
[Source "ChessBase"]
[SourceDate "2019.06.03"]
[SourceVersion "1"]
[SourceVersionDate "2019.06.03"]
[SourceQuality "1"]

1. d4 Nf6 2. c4 g6 3. Nc3 Bg7 4. e4 0-0 5. Be3 d6 6. f3 a6 7. g4 Nbd7 8. Qd2 c5 9. Nge2 Qa5 10. g5 Nh5 11. Rd1 e6 12. a3 f5 13. exf5 gxf5 14. f4 b5 15. Bg2 Rb8 16. Bf3 Bb7 17. d5 Bxc3 18. Qxc3 Qxc3+ 19. Nxc3 Ng7 20. cxb5 axb5 21. Nxb5 Bxd5 22. Bxd5 exd5 23. Nxd6 d4 24. Bc1 Nb6 25. b4 cxb4 26. axb4 Ne6 27. 0-0 Rbd8 28. Nb7 Rd5 29. Rfe1 Kf7 30. Nc5 Nxc5 31. bxc5 Na4 32. Re5 Rxe5 33. fxe5 Nc3 34. Rd2 Ke6 35. Bb2 Rc8 36. Kg2 Kxe5 37. Kf3 Rxc5 38. h4 Rb5 39. h5 Rb3 40. Kg2 Ne4 41. Bxd4+ Kf4 42. Rc2 Kxg5 43. Rc7 h6 44. Rf7 Rg3+ 45. Kf1 Rd3 46. Be5 Rd5 47. Rg7+ Kxh5 48. Bf4 Ng5 0-1

[Event "BEL-chT 1819"]
[Site "Belgium"]
[Date "2019.04.07"]
[Round "11.7"]
[White "Groffen, Hans"]
[Black "Paul, Bernard"]
[Result "1-0"]
[WhiteElo "2115"]
[BlackElo "1830"]
[PlyCount "87"]
[EventDate "2018.09.30"]
[EventType "team-tourn"]
[EventRounds "11"]
[EventCountry "BEL"]
[SourceTitle "CBM 189 Extra"]
[Source "ChessBase"]
[SourceDate "2019.06.03"]
[SourceVersion "1"]
[SourceVersionDate "2019.06.03"]
[SourceQuality "1"]
[WhiteTeam "Jean Jaures"]
[BlackTeam "Boitsfort"]
[WhiteTeamCountry "BEL"]
[BlackTeamCountry "BEL"]

1. d4 Nf6 2. c4 c5 3. d5 b5 4. cxb5 a6 5. e3 Bb7 6. Nc3 Qa5 7. Nge2 Nxd5 8. e4 Nxc3 9. Nxc3 Bxe4 10. Bd2 Bb7 11. a4 Qd8 12. Be2 e6 13. Bf3 d5 14. Bf4 Bd6 15. Qd2 0-0 16. 0-0 Qc7 17. Bg3 Nd7 18. Rac1 Bxg3 19. hxg3 Nf6 20. b4 c4 21. bxa6 Bxa6 22. Rfd1 Rfb8 23. g4 h6 24. b5 Bb7 25. g5 hxg5 26. Qxg5 Nh7 27. Qe3 Nf6 28. Ra1 Nd7 29. Be2 Nc5 30. Ra2 Nb3 31. g4 d4 32. Rxd4 Nxd4 33. Qxd4 Rd8 34. Qe3 Qe7 35. g5 Qb4 36. Bf1 Rd7 37. g6 Rad8 38. a5 Qe7 39. a6 Ba8 40. b6 Bc6 41. Qg3 Rd4 42. b7 e5 43. Rb2 Rb8 44. a7 1-0

[Event "Hastings Masters op 94th"]
[Site "Hastings"]
[Date "2019.01.06"]
[Round "10"]
[White "Boswell, Jacob Connor"]
[Black "Groffen, Hans"]
[Result "1/2-1/2"]
[WhiteElo "1858"]
[BlackElo "2121"]
[PlyCount "34"]
[EventDate "2018.12.28"]
[EventType "swiss"]
[EventRounds "10"]
[EventCountry "ENG"]
[SourceTitle "CBM 188 Extra"]
[Source "ChessBase"]
[SourceDate "2019.02.26"]
[SourceVersion "1"]
[SourceVersionDate "2019.02.26"]
[SourceQuality "1"]

1. e4 e6 2. d4 d5 3. Nd2 dxe4 4. Nxe4 Nd7 5. Nf3 Ngf6 6. Nxf6+ Nxf6 7. Bd3 c5 8. dxc5 Bxc5 9. Qe2 0-0 10. 0-0 b6 11. Bg5 Bb7 12. Rad1 Qc7 13. Bxf6 gxf6 14. Be4 Rfd8 15. c3 Bxe4 16. Qxe4 Rxd1 17. Rxd1 Rd8 1/2-1/2

[Event "Hastings Masters op 94th"]
[Site "Hastings"]
[Date "2019.01.02"]
[Round "6"]
[White "Derakhshani, Borna"]
[Black "Groffen, Hans"]
[Result "1-0"]
[WhiteElo "2322"]
[BlackElo "2121"]
[PlyCount "55"]
[EventDate "2018.12.28"]
[EventType "swiss"]
[EventRounds "10"]
[EventCountry "ENG"]
[SourceTitle "CBM 188 Extra"]
[Source "ChessBase"]
[SourceDate "2019.02.26"]
[SourceVersion "1"]
[SourceVersionDate "2019.02.26"]
[SourceQuality "1"]

1. d4 d5 2. Bf4 Nf6 3. Nf3 c5 4. e3 e6 5. c3 Bd6 6. Bg3 0-0 7. Nbd2 b6 8. Ne5 Ba6 9. Bxa6 Nxa6 10. Bh4 Nb8 11. f4 Be7 12. Bxf6 Bxf6 13. 0-0 Bxe5 14. fxe5 Qg5 15. Qe2 f5 16. exf6 Rxf6 17. Nf3 Qh5 18. Qb5 c4 19. Ne5 h6 20. e4 dxe4 21. Qxc4 Qe8 22. Qc7 Na6 23. Qb7 Qc8 24. Qxe4 Qe8 25. Rxf6 gxf6 26. Ng4 f5 27. Nxh6+ Kh7 28. Nxf5 1-0

[Event "Hastings Masters op 94th"]
[Site "Hastings"]
[Date "2019.01.01"]
[Round "5"]
[White "Groffen, Hans"]
[Black "Cherniaev, Alexander"]
[Result "0-1"]
[WhiteElo "2121"]
[BlackElo "2390"]
[PlyCount "68"]
[EventDate "2018.12.28"]
[EventType "swiss"]
[EventRounds "10"]
[EventCountry "ENG"]
[SourceTitle "CBM 188 Extra"]
[Source "ChessBase"]
[SourceDate "2019.02.26"]
[SourceVersion "1"]
[SourceVersionDate "2019.02.26"]
[SourceQuality "1"]

1. d4 e6 2. c4 b6 3. e4 Bb7 4. Bd3 Nc6 5. Ne2 Nb4 6. Nbc3 Nxd3+ 7. Qxd3 d6 8. 0-0 Ne7 9. f4 g6 10. d5 Bg7 11. Be3 0-0 12. Bd4 e5 13. fxe5 dxe5 14. Bf2 c5 15. Bh4 f6 16. Rad1 Rf7 17. Kh1 Qd7 18. Ng1 h6 19. Nf3 f5 20. Bxe7 Qxe7 21. g3 Raf8 22. Nh4 Qg5 23. Kg1 Bc8 24. Nf3 Qh5 25. Nd2 f4 26. d6 Bh3 27. Nd5 Kh7 28. Rde1 Rd8 29. Rf2 Rxd6 30. Nf1 g5 31. Nxf4 exf4 32. Qxd6 Bd4 33. Ree2 Qxe2 34. Qxd4 Qxf1+ 0-1

[Event "BEL-chT 1819"]
[Site "Belgium"]
[Date "2018.09.30"]
[Round "1.8"]
[White "Groffen, Hans"]
[Black "Memeti, Kastriot"]
[Result "1-0"]
[WhiteElo "2115"]
[BlackElo "2152"]
[PlyCount "59"]
[EventDate "2018.09.30"]
[EventType "team-tourn"]
[EventRounds "11"]
[EventCountry "BEL"]
[SourceTitle "CBM 186 Extra"]
[Source "ChessBase"]
[SourceDate "2018.08.24"]
[SourceVersion "1"]
[SourceVersionDate "2018.08.24"]
[SourceQuality "1"]
[WhiteTeam "Jean Jaures"]
[BlackTeam "Echiquier Mosan"]
[WhiteTeamCountry "BEL"]
[BlackTeamCountry "BEL"]

1. d4 e6 2. c4 Bb4+ 3. Bd2 Qe7 4. Nf3 Nf6 5. Nc3 b6 6. g3 Ba6 7. Qb3 0-0 8. Bg2 Nc6 9. a3 Bxc3 10. Bxc3 d5 11. Qa4 Bb7 12. 0-0 Ne4 13. Rac1 a5 14. Rfd1 Na7 15. Nd2 Bc6 16. Qc2 f5 17. cxd5 exd5 18. Nf3 f4 19. Be1 Rac8 20. Ne5 Ba8 21. Qb3 Kh8 22. gxf4 Rxf4 23. Rd3 Qg5 24. e3 Rf6 25. f4 Qf5 26. Qd1 Nb5 27. Rb3 Nbd6 28. Qf3 Rcf8 29. Rxc7 Nc4 30. Qg4 1-0

[Event "BEL-chT 1516"]
[Site "Belgium"]
[Date "2016.04.24"]
[Round "11.8"]
[White "Groffen, Hans"]
[Black "Plumanns, Dieter"]
[Result "1/2-1/2"]
[WhiteElo "2152"]
[BlackElo "2013"]
[PlyCount "189"]
[EventDate "2015.09.27"]
[EventType "team-tourn"]
[EventRounds "11"]
[EventCountry "BEL"]
[SourceTitle "EXT 2017"]
[Source "ChessBase"]
[SourceDate "2016.10.25"]
[SourceVersion "1"]
[SourceVersionDate "2016.10.25"]
[SourceQuality "1"]
[WhiteTeam "Jean Jaures"]
[BlackTeam "KSK Rochade"]
[WhiteTeamCountry "BEL"]
[BlackTeamCountry "BEL"]

1. d4 d5 2. c4 c6 3. Nc3 Nf6 4. Nf3 e6 5. Bg5 h6 6. Bh4 Nbd7 7. cxd5 exd5 8. e3 Qa5 9. Bd3 Bb4 10. Qc2 0-0 11. 0-0 Re8 12. Bg3 Bxc3 13. bxc3 Ne4 14. c4 Nxg3 15. hxg3 dxc4 16. Bxc4 Nb6 17. Bd3 Be6 18. Rfc1 Rad8 19. Qb2 Qh5 20. a4 Bg4 21. a5 Nd5 22. Ne5 Rxe5 23. dxe5 Nxe3 24. Be4 Nd1 25. Qxb7 Qxe5 26. Qxc6 Qd4 27. Qc2 Nxf2 28. Qxf2 Qxe4 29. Qxa7 Rd2 30. Qf2 Rxf2 31. Kxf2 Qe2+ 32. Kg1 Be6 33. Re1 Qb2 34. Reb1 Qd4+ 35. Kh2 Bd5 36. Rb8+ Kh7 37. Rab1 Qd2 38. R1b2 Qxa5 39. Rf2 Be6 40. Rbb2 Qh5+ 41. Kg1 Qg4 42. Kh2 g5 43. Rbd2 h5 44. Rb2 h4 45. gxh4 Qxh4+ 46. Kg1 g4 47. Rb4 Qh5 48. Rff4 Kg6 49. Rbd4 Qc5 50. Kh1 g3 51. Rg4+ Kh5 52. Rh4+ Kg5 53. Rdg4+ Bxg4 54. Rxg4+ Kf6 55. Rxg3 Qc1+ 56. Kh2 Ke5 57. Rf3 f5 58. Rh3 Ke4 59. Rf3 Qh6+ 60. Kg1 Qb6+ 61. Kf1 Qb1+ 62. Kf2 Qc2+ 63. Kf1 Qd1+ 64. Kf2 Qd2+ 65. Kf1 Qh6 66. Kf2 Qh5 67. Re3+ Kf4 68. Rf3+ Kg5 69. Rg3+ Kf6 70. Rf3 Qh4+ 71. Kf1 Kg5 72. Rh3 Qc4+ 73. Kf2 Qd4+ 74. Kf1 Kg4 75. Rf3 Qd1+ 76. Kf2 Qd2+ 77. Kf1 f4 78. Rh3 Qc1+ 79. Kf2 Qd1 80. Rh2 Qd2+ 81. Kf1 Qd3+ 82. Kg1 Qg3 83. Rh3 Qe1+ 84. Kh2 Qe5 85. Rf3 Qe1 86. Rh3 Qf2 87. Ra3 Qh4+ 88. Kg1 Qe1+ 89. Kh2 Qe5 90. Rf3 Kg5 91. Kg1 Qe2 92. Rh3 Kg4 93. Kh2 Qd1 94. Ra3 Qc1 95. Rf3 1/2-1/2

[Event "NED-chT 1516"]
[Site "Netherlands"]
[Date "2016.04.23"]
[Round "9.3"]
[White "Van Foreest, Jorden"]
[Black "Groffen, Hans"]
[Result "1-0"]
[WhiteElo "2541"]
[BlackElo "2152"]
[PlyCount "47"]
[EventDate "2015.09.26"]
[EventType "team-tourn"]
[EventRounds "9"]
[EventCountry "NED"]
[SourceTitle "EXT 2017"]
[Source "ChessBase"]
[SourceDate "2016.10.25"]
[SourceVersion "1"]
[SourceVersionDate "2016.10.25"]
[SourceQuality "1"]
[WhiteTeam "SISSA"]
[BlackTeam "Sas van Gent"]
[WhiteTeamCountry "NED"]
[BlackTeamCountry "NED"]

1. e4 e6 2. d4 d5 3. Nc3 Nf6 4. e5 Nfd7 5. f4 c5 6. Nf3 Nc6 7. Be3 cxd4 8. Nxd4 Qb6 9. Qd2 Qxb2 10. Rb1 Qa3 11. Bb5 Nxd4 12. Bxd4 a6 13. Bxd7+ Bxd7 14. Rb3 Qe7 15. Rxb7 Rc8 16. f5 exf5 17. 0-0 Qa3 18. Nxd5 Bc5 19. Kh1 Bxd4 20. Qxd4 Bc6 21. Re7+ Kf8 22. e6 Be8 23. Ra7 Qd6 24. Nf6 1-0

[Event "BEL-chT 1516"]
[Site "Belgium"]
[Date "2016.01.31"]
[Round "6.5"]
[White "Groffen, Hans"]
[Black "Cornelisse, Johnny JA"]
[Result "1-0"]
[WhiteElo "2152"]
[BlackElo "2156"]
[PlyCount "63"]
[EventDate "2015.09.27"]
[EventType "team-tourn"]
[EventRounds "11"]
[EventCountry "BEL"]
[SourceTitle "CBM 170 Extra"]
[Source "ChessBase"]
[SourceDate "2016.02.25"]
[SourceVersion "1"]
[SourceVersionDate "2016.02.25"]
[SourceQuality "1"]
[WhiteTeam "Jean Jaures"]
[BlackTeam "Borgerhout"]
[WhiteTeamCountry "BEL"]
[BlackTeamCountry "BEL"]

1. d4 Nf6 2. c4 e6 3. Nc3 d5 4. cxd5 exd5 5. Bg5 Be7 6. Qc2 c6 7. e3 0-0 8. Bd3 h6 9. Bf4 Nbd7 10. Nf3 Re8 11. 0-0 Nf8 12. h3 Ne6 13. Bh2 a6 14. Rfd1 Bd7 15. a3 Bf8 16. b4 Ng5 17. Nd2 Bxh3 18. f4 Ng4 19. Nf1 Bd6 20. Re1 Qc7 21. Bg3 Re7 22. Nxd5 cxd5 23. Qxc7 Bxc7 24. fxg5 Bxg3 25. Nxg3 Nxe3 26. gxh3 hxg5 27. Kf2 Rae8 28. Nf5 Nxf5 29. Bxf5 g6 30. Bd7 Rxe1 31. Rxe1 Rd8 32. Re8+ 1-0

[Event "Leiden Noteboom Memorial 75th"]
[Site "Leiden"]
[Date "2015.02.14"]
[Round "3"]
[White "Groffen, Hans"]
[Black "Groot, Simon"]
[Result "1-0"]
[WhiteElo "2182"]
[BlackElo "2038"]
[PlyCount "77"]
[EventDate "2015.02.13"]
[EventType "swiss"]
[EventRounds "6"]
[EventCountry "NED"]
[SourceTitle "CBM 164 Extra"]
[Source "ChessBase"]
[SourceDate "2015.03.02"]
[SourceVersion "1"]
[SourceVersionDate "2015.03.02"]
[SourceQuality "1"]

1. d4 e6 2. c4 f5 3. g3 Nf6 4. Bg2 d5 5. Nf3 c6 6. 0-0 Bd6 7. Bf4 0-0 8. Nbd2 Ne4 9. e3 Qe7 10. Qc2 Nd7 11. c5 Bb8 12. Bxb8 Rxb8 13. b4 e5 14. dxe5 Nxe5 15. Nxe5 Qxe5 16. Nf3 Qe7 17. Nd4 Bd7 18. a3 a6 19. Rae1 Qf6 20. Qd3 b6 21. cxb6 Rxb6 22. f3 c5 23. Nxf5 Nc3 24. bxc5 Bxf5 25. e4 Rb5 26. exf5 Rxc5 27. g4 Qb6 28. Kh1 Qb5 29. Qxb5 axb5 30. Re7 Rf7 31. Re8+ Rf8 32. Re3 Ra8 33. Rfe1 d4 34. Rd3 Rc4 35. f4 Rxa3 36. Bd5+ Nxd5 37. Rxa3 Nxf4 38. Ra7 h6 39. h4 1-0

[Event "Douglas PokerStars op"]
[Site "Douglas"]
[Date "2014.10.05"]
[Round "2"]
[White "Groffen, Hans"]
[Black "L'Ami, Alina"]
[Result "1/2-1/2"]
[WhiteElo "2161"]
[BlackElo "2386"]
[PlyCount "53"]
[EventDate "2014.10.04"]
[EventType "swiss"]
[EventRounds "9"]
[EventCountry "IOM"]
[SourceTitle "CBM 162 Extra"]
[Source "ChessBase"]
[SourceDate "2014.10.17"]
[SourceVersion "1"]
[SourceVersionDate "2014.10.17"]
[SourceQuality "1"]

1. d4 Nf6 2. c4 g6 3. Nc3 Bg7 4. e4 d6 5. f3 0-0 6. Be3 Nc6 7. Nge2 a6 8. Qd2 Na5 9. Ng3 h5 10. h4 b5 11. Bh6 Nxc4 12. Bxc4 bxc4 13. Bxg7 Kxg7 14. 0-0-0 c6 15. Qg5 Rh8 16. Rhe1 Rb8 17. Nf5+ Bxf5 18. exf5 Rb7 19. fxg6 fxg6 20. Re6 Qb6 21. Rd2 Kf7 22. d5 Qg1+ 23. Rd1 Qb6 24. Rd2 Qg1+ 25. Rd1 Qb6 26. Rd2 Qg1+ 27. Rd1 1/2-1/2

[Event "Maastricht Limburg op-A 8th"]
[Site "Maastricht"]
[Date "2014.06.07"]
[Round "3"]
[White "Hovhannisyan, Mher"]
[Black "Groffen, Hans"]
[Result "1-0"]
[WhiteElo "2520"]
[BlackElo "2190"]
[PlyCount "117"]
[EventDate "2014.06.06"]
[EventType "swiss"]
[EventRounds "7"]
[EventCountry "NED"]
[SourceTitle "CBM 160 Extra"]
[Source "ChessBase"]
[SourceDate "2014.07.01"]
[SourceVersion "1"]
[SourceVersionDate "2014.07.01"]
[SourceQuality "1"]

1. d4 f5 2. Nc3 Nf6 3. Bg5 d5 4. Bxf6 exf6 5. e3 Be6 6. Qf3 Nc6 7. Bb5 Qd7 8. Nge2 a6 9. Ba4 g5 10. a3 b5 11. Bb3 0-0-0 12. h3 h5 13. h4 f4 14. exf4 g4 15. Qd3 Na5 16. 0-0 Nc4 17. Bxc4 dxc4 18. Qe4 c6 19. Ng3 f5 20. Qe3 Bg7 21. Rfe1 Rhe8 22. d5 cxd5 23. Qb6 d4 24. Qxa6+ Qb7 25. Rxe6 Qxa6 26. Rxa6 dxc3 27. bxc3 Bxc3 28. Rb1 Kb7 29. Rh6 Re1+ 30. Rxe1 Bxe1 31. Nxf5 Rd1 32. Ne3 Rd2 33. Nf5 Bxf2+ 34. Kh2 Bc5 35. c3 Rd3 36. Rxh5 Rxc3 37. Ng3 Bxa3 38. Rxb5+ Kc6 39. Rg5 Rd3 40. Ne4 Rd4 41. Re5 Bd6 42. Nxd6 Kxd6 43. Kg3 Rd2 44. Re8 Kd7 45. Re4 c3 46. Rc4 c2 47. h5 Ke7 48. Rc7+ Kd8 49. Rc5 Ke7 50. h6 Kf7 51. Rc7+ Kg8 52. f5 Kh8 53. h7 Re2 54. Kf4 Rxg2 55. Kg5 c1Q+ 56. Rxc1 Kxh7 57. Rc7+ Kg8 58. Kg6 Kf8 59. f6 1-0

[Event "Delft Prinsenstad op-A 7th"]
[Site "Delft"]
[Date "2014.04.19"]
[Round "4"]
[White "Groffen, Hans"]
[Black "Oosterom, Erik"]
[Result "1-0"]
[WhiteElo "2172"]
[BlackElo "2092"]
[PlyCount "109"]
[EventDate "2014.04.18"]
[EventType "swiss"]
[EventRounds "6"]
[EventCountry "NED"]
[SourceTitle "CBM 159 Extra"]
[Source "ChessBase"]
[SourceDate "2014.04.24"]
[SourceVersion "1"]
[SourceVersionDate "2014.04.24"]
[SourceQuality "1"]

1. d4 d5 2. c4 c6 3. Nf3 Nf6 4. Nc3 dxc4 5. a4 Bf5 6. Ne5 Nbd7 7. Nxc4 Qc7 8. g3 e5 9. dxe5 Nxe5 10. Bf4 Nfd7 11. Bg2 g5 12. Ne3 gxf4 13. Nxf5 0-0-0 14. 0-0 Bc5 15. Qc2 fxg3 16. hxg3 Kb8 17. Ne4 Bb4 18. Rfd1 a5 19. Rac1 h5 20. Ned6 Nb6 21. Nb5 Rxd1+ 22. Qxd1 Qd7 23. Qxd7 Nexd7 24. Nbd6 Nc5 25. Bf3 Ncxa4 26. Nxf7 Rf8 27. Bxh5 Nxb2 28. g4 Nd5 29. Ne5 Kc7 30. Bf7 Nf4 31. Rc2 Na4 32. e3 Nh3+ 33. Kg2 Ng5 34. Bd5 Nc3 35. Nf3 Nxf3 36. Bxf3 a4 37. Nd4 Kb6 38. Ne2 Nxe2 39. Bxe2 Kc7 40. g5 Kd6 41. f4 b5 42. Kf3 Ba5 43. Ra2 Bb6 44. e4 Ra8 45. Bd1 Ke6 46. e5 Rd8 47. Bc2 Bd4 48. Ke4 c5 49. f5+ Ke7 50. g6 Rh8 51. Bd3 Rh4+ 52. Kd5 c4 53. f6+ Kd7 54. Bf5+ Kc7 55. g7 1-0

[Event "Delft Prinsenstad op-A 7th"]
[Site "Delft"]
[Date "2014.04.19"]
[Round "2"]
[White "Groffen, Hans"]
[Black "Vereggen, Lars"]
[Result "1-0"]
[WhiteElo "2172"]
[BlackElo "2179"]
[PlyCount "125"]
[EventDate "2014.04.18"]
[EventType "swiss"]
[EventRounds "6"]
[EventCountry "NED"]
[SourceTitle "CBM 159 Extra"]
[Source "ChessBase"]
[SourceDate "2014.04.24"]
[SourceVersion "1"]
[SourceVersionDate "2014.04.24"]
[SourceQuality "1"]

1. d4 Nf6 2. c4 e6 3. Nf3 d5 4. Nc3 Be7 5. Bg5 Nbd7 6. e3 0-0 7. Qc2 h6 8. Bh4 c6 9. cxd5 exd5 10. Bd3 c5 11. dxc5 Nxc5 12. 0-0 Be6 13. Rfd1 Rc8 14. Qe2 Qb6 15. Nd4 Rfd8 16. f3 Re8 17. Rac1 g5 18. Bg3 Bf8 19. Bb1 Bg7 20. Qc2 Ncd7 21. Bf2 Nf8 22. a3 a6 23. Ba2 Qa5 24. Qa4 Qxa4 25. Nxa4 N6d7 26. b4 b5 27. Nc5 Nxc5 28. bxc5 Red8 29. Be1 Nd7 30. Ba5 Re8 31. c6 Ne5 32. c7 Nc4 33. Bxc4 bxc4 34. Rb1 Bd7 35. Kf2 f5 36. g3 Be5 37. Rb7 f4 38. gxf4 gxf4 39. exf4 Bxf4 40. Rg1+ Kf7 41. Re1 Bxh2 42. Rxe8 Kxe8 43. Ra7 Be5 44. Ke3 Kf7 45. f4 Bf6 46. f5 Re8+ 47. Ne6 d4+ 48. Ke4 Kg8 49. Rxa6 c3 50. Rd6 c2 51. Bd2 Bxe6 52. Rxe6 Rc8 53. Rc6 Be7 54. a4 h5 55. Rxc2 Bd6 56. Rc6 Bxc7 57. Kd3 h4 58. Bf4 Rf8 59. Bxc7 Rxf5 60. Kxd4 h3 61. Rh6 Rf7 62. Be5 Ra7 63. Rh8+ 1-0

[Event "Leiden Noteboom Memorial 74th"]
[Site "Leiden"]
[Date "2014.03.01"]
[Round "4"]
[White "Nikolic, Predrag"]
[Black "Groffen, Hans"]
[Result "1-0"]
[WhiteElo "2622"]
[BlackElo "2166"]
[PlyCount "69"]
[EventDate "2014.02.28"]
[EventType "swiss"]
[EventRounds "6"]
[EventCountry "NED"]
[SourceTitle "CBM 159 Extra"]
[Source "ChessBase"]
[SourceDate "2014.04.24"]
[SourceVersion "1"]
[SourceVersionDate "2014.04.24"]
[SourceQuality "1"]

1. Nf3 d5 2. g3 Nf6 3. Bg2 c6 4. 0-0 Bg4 5. d3 Nbd7 6. c4 e6 7. cxd5 cxd5 8. h3 Bxf3 9. Bxf3 Ne5 10. Bg2 Nc6 11. Nc3 a6 12. Qb3 b5 13. e4 Nd4 14. Qd1 dxe4 15. dxe4 e5 16. Be3 Bc5 17. Rc1 Qb6 18. Kh1 Rd8 19. Qe1 0-0 20. f4 Nb3 21. Bxc5 Nxc5 22. Qf2 Rd4 23. fxe5 Nd3 24. Qf5 g6 25. Qxf6 Qxf6 26. exf6 Nxc1 27. Rxc1 Rc8 28. a3 Rd2 29. Rb1 a5 30. Bf1 b4 31. axb4 axb4 32. Nd5 Rb8 33. b3 h5 34. Ra1 Rd4 35. Ne7+ 1-0